| 000 | 01321nam0a2200325 4500 | ||
|---|---|---|---|
| 001 | RU\NLR\bibl\925319 | ||
| 005 | 20260405052958.0 | ||
| 010 | _a5-85285-835-8 | ||
| 021 |
_aRU _b2006-2341 _9105 |
||
| 035 | _a(NLR Aleph) 000913574 | ||
| 090 |
_a55084 _c55084 |
||
| 100 | _a20060403d2006 |||y0rusy50 ca | ||
| 101 | 0 | _arus | |
| 102 | _aRU | ||
| 105 | _aa ||||||||| | ||
| 200 | 1 |
_aДом Куниных _eвоспоминания. Из литературного наследия _f[сост. М.М. Кунина] |
|
| 210 |
_aМосква _cКомпозитор _d2006 |
||
| 215 |
_a512 с. _cил., портр., факс. _d25 |
||
| 320 | _aБиблиогр. в подстроч. прим. | ||
| 606 | 1 |
_aРусская советская литература _jВоспоминания, записки и т.п. _9888281 _3RU\NLR\auth\66496 |
|
| 606 | 1 |
_aИскусство русское советское _jВоспоминания, записки и т.п. _9956730 _3RU\NLR\auth\6637703 |
|
| 686 | _aШ5(2=Р)7,1 | ||
| 686 | _aЩ03(2Р=Рус)7,1 | ||
| 702 | 1 |
_4220 _8rus _7ca _aКунин _bМ. М. _f1926- _gМихаэль Моисеевич _3RU\NLR\AUTH\7716938 _930 |
|
| 801 | 0 |
_aRU _bNLR _c20060403 _grcr |
|
| 801 | 1 |
_aRU _bNLR _c20060403 |
|
| 942 | _cBOOK | ||
| 980 | _aNB | ||